Statistics for Five Biggest Countries by Continent

Click here to take the quiz!

General Stats

  • This quiz has been taken 71,474 times
    (71,309 since last reset)
  • The average score is 24 of 29

Answer Stats

Continent Country % Correct
Europe/AsiaRussia
99%
North AmericaCanada
98%
North AmericaUnited States
98%
AsiaChina
97%
South AmericaBrazil
97%
OceaniaAustralia
97%
North AmericaMexico
96%
South AmericaArgentina
95%
OceaniaNew Zealand
93%
EuropeFrance
93%
AsiaIndia
92%
EuropeSpain
88%
South AmericaColombia
87%
South AmericaPeru
87%
AfricaD.R. Congo
85%
EuropeUkraine
84%
AfricaAlgeria
83%
AsiaKazakhstan
79%
South AmericaBolivia
79%
AfricaSudan
78%
EuropeSweden
73%
OceaniaPapua New Guinea
73%
AfricaLibya
72%
AfricaChad
69%
North AmericaHonduras
66%
OceaniaFiji
65%
North AmericaNicaragua
64%
AsiaSaudi Arabia
64%
OceaniaSolomon Islands
52%

Score Distribution

Percentile by Number Answered

Percent of People with Each Score

Your Score History

You have not taken this quiz since the last reset